00000000nam 2200000za 4500
0019.643921
003CaOODSP
00520240624082235
007cr |||||||||||
008150407s1931    onc|||||o    f|0| 0 fre d
040 |aCaOODSP|bfre
043 |an-cn---
0861 |aCP32-137/1931F-PDF
086 |aZ1-1931/1E-PDF
24500|aRapport de la Commission chargée d'étudier le mécanisme de l'achat et de la vente à terme du grain |h[ressource électronique] / |cJ.C. Stamp, président ; J.T. Brown et William Sanford, commissaires.
260 |a[Ottawa : |bBureau du Conseil privé] |c1931.
300 |a91 p. : |bgraphiques.
500 |aPublication historique numérisée en 2010 par le Bureau du Conseil privé du Canada. « Édition française du Service de la traduction générale (Chambre des communes) »--Couverture.
590 |a15-04-Supp|b2015-03-19
69107|aCommerce intérieur|2gcpds
69107|aCommission d'enquête|2gcpds
69107|aGrain|2gcpds
7101 |aCanada. |bBureau du Conseil privé.
77508|tReport of the Commission to Enquire into Trading in Grain Futures |w(CaOODSP)9.699957
85640|ahttp://publications.gc.ca|qPDF|s5.94 Mo|uhttps://publications.gc.ca/collections/collection_2014/bcp-pco/CP32-137-1931-fra.pdf